=LDR 00000nam 2200000 4500 =001 INLIS000000000014131 =005 20130612105425 =008 ***********************************Ind** =035 ##$$0010-061300000014131 =041 ##$$a Ind =082 ##$$a 616.7 =090 ##$$a 616.7, Yat o =100 ##$$a Yatim, Faisal =245 ##$$a Osteoporosis, Penyakit kerapuhan tulang pada manusia, Faisal Yatim =260 ##$$a 2003 $b Jakarta =300 ##$$a x, 49 hlm, Ilus, 17 cm =650 ##$$a Penyakit tulang =850 ##$$a NBPNMAT =990 ##$$a 13491349 =990 ##$$a 1202301349